El complemento a su diccionario (Record no. 138601)

MARC details
000 -LEADER
campo de control de longitud fija 00672nam a2200169 4500
001 - NÚMERO DE CONTROL
campo de control 138601
003 - IDENTIFICADOR DE NÚMERO DE CONTROL
campo de control ES-MaACL
005 - FECHA Y HORA DE LA ÚLTIMA TRANSACCIÓN
campo de control 20230906195610.0
007 - CAMPO FIJO DE DESCRIPCIÓN FÍSICA--INFORMACIÓN GENERAL
campo de control de longitud fija t|
008 - DATOS DE LONGITUD FIJA--INFORMACIÓN GENERAL
campo de control de longitud fija 070214s1944 sp r ||||1| spa d
100 1# - ENTRADA PRINCIPAL--NOMBRE DE PERSONA
Nombre de persona Santamaría Chavarría, Andrés.
9 (RLIN) 103301
245 13 - MENCIÓN DEL TÍTULO
Título El complemento a su diccionario
Resto del título : antónimos y sinónimos castellanos : 1.300 ideas básicas, 15.000 voces, 30 ejercicios de vocabulario /
Mención de responsabilidad, etc. por Andrés Santamaría Chavarría.
260 ## - PUBLICACIÓN, DISTRIBUCIÓN, ETC.
Lugar de publicación, distribución, etc. Madrid :
Nombre del editor, distribuidor, etc. [s. n.],
Fecha de publicación, distribución, etc. 1944 (
Fabricante Gráf. Santamaría)
300 ## - DESCRIPCIÓN FÍSICA
Extensión 247 p. ;
Dimensiones 17 cm.
650 04 - PUNTO DE ACCESO ADICIONAL DE MATERIA--TÉRMINO DE MATERIA
Término de materia o nombre geográfico como elemento de entrada Lengua española-
Subdivisión general Sinónimos y antónimos-
Subdivisión de forma Diccionarios.
9 (RLIN) 14187
852 ## - LOCALIZACIÓN
Ubicación ES-MaACL
Número de control de estantería B-10169
Sublocalización o colección R.21360
Holdings
Estatus retirado Estado de pérdida Estado de daño No para préstamo Colección Biblioteca de origen Biblioteca actual Ubicación en estantería Fecha de adquisición Fuente de adquisición Total de préstamos Signatura topográfica completa Código de barras Visto por última vez Precio de reemplazo Tipo de ítem Koha
        Colección de referencia Biblioteca del Ateneo de Madrid Biblioteca del Ateneo de Madrid Sala Pardo Bazán 17/01/2008     B-10169 1144228 23/02/2023 23/02/2023 Libro impreso